| 000 | 01111nam a2200385 a 4500 | ||
|---|---|---|---|
| 003 | AR-BaBNM | ||
| 005 | 20251128210532.0 | ||
| 008 | 082120s2002 ||||||||||||||000 | spa|| | ||
| 020 | _a950-12-5429-1 | ||
| 040 | _cAR-BaBNM | ||
| 100 | 1 | _aHuntington, Samuel P. | |
| 245 | 0 | 0 | _aEl choque de civilizaciones y la reconfiguración del orden mundial |
| 260 |
_aBuenos Aires _bPaidós _c1997 |
||
| 300 |
_a429 p. _bgráfs., tablas, mapas |
||
| 490 | 0 |
_aEstado y sociedad _vv. 29 |
|
| 500 | _aContiene referencias bibliográficas | ||
| 650 | 4 | _aCULTURA | |
| 650 | 4 | _aCIVILIZACION OCCIDENTAL | |
| 650 | 4 | _aDOCTRINAS RELIGIOSAS | |
| 650 | 4 | _aCIVILIZACION ASIATICA | |
| 650 | 4 | _aISLAM | |
| 650 | 4 | _aARMONIA INTERNACIONAL | |
| 650 | 4 | _aCONFLICTO INTERNACIONAL | |
| 650 | 4 | _aTEORIA POLITICA | |
| 650 | 4 | _aCIENCIAS POLITICAS | |
| 650 | 4 | _aNACIONALISMO | |
| 650 | 4 | _aPOLITICA INTERNACIONAL | |
| 650 | 4 | _aCOOPERACION INTERNACIONAL | |
| 650 | 4 | _aRELIGION | |
| 651 | 4 | _aIrán | |
| 653 | _aGLOBALIZACION | ||
| 700 | 1 |
_aTosaus Abadía, José Pedro _etraductor |
|
| 942 | _cBK | ||
| 998 | _cMariana | ||
| 999 |
_c15845 _d15845 |
||